[Event "CHN-chT"]
[Site "Nanjing"]
[Date "2023.02.17"]
[Round "4.4"]
[White "Xi, Qi"]
[Black "Jiang, Qinyu"]
[Result "0-1"]
[WhiteElo "2150"]
[BlackElo "2238"]
[PlyCount "120"]
[EventDate "2023.02.14"]
[EventType "team-swiss"]
[EventRounds "9"]
[EventCountry "CHN"]
[SourceTitle "CBM 212 Extra"]
[Source "ChessBase"]
[SourceDate "2023.03.31"]
[SourceVersion "1"]
[SourceVersionDate "2023.03.31"]
[SourceQuality "1"]
[WhiteTeam "Tianjin"]
[BlackTeam "Chengdu"]
[WhiteTeamCountry "CHN"]
[BlackTeamCountry "CHN"]

1. d4 Nf6 2. c4 e6 3. Nf3 d5 4. Nc3 dxc4 5. e3 a6 6. a4 c5 7. Bxc4 Nc6 8. 0-0 Be7 9. Qd3 0-0 10. Rd1 Qc7 11. Qe2 Rd8 12. h3 h6 13. d5 exd5 14. Nxd5 Nxd5 15. Rxd5 Be6 16. Rxd8+ Rxd8 17. Bxe6 fxe6 18. Bd2 Bf6 19. Qc4 Qd6 20. Rc1 Bxb2 21. Rb1 Ne5 22. Nxe5 Bxe5 23. Be1 Qd5 24. Qxd5 Rxd5 25. f4 Bf6 26. Rxb7 Rd1 27. Kf2 Bh4+ 28. g3 Bxg3+ 29. Kxg3 Rxe1 30. Kf3 Ra1 31. Re7 Rxa4 32. Rxe6 a5 33. Ra6 c4 34. Ke4 c3+ 35. Kd3 Rc4 36. Kc2 a4 37. Ra7 Kf8 38. h4 Kg8 39. h5 Kf8 40. Rb7 Re4 41. Kxc3 Rxe3+ 42. Kd4 Re7 43. Rb8+ Re8 44. Rb2 a3 45. Ra2 Ra8 46. Kc3 Kf7 47. Kc2 Kf6 48. Kb1 Kf5 49. Ka1 Kxf4 50. Rg2 Ra5 51. Rxg7 Rxh5 52. Ka2 Ra5 53. Rf7+ Kg4 54. Rg7+ Kh3 55. Rg1 h5 56. Rg7 h4 57. Rg8 Ra4 58. Rg7 Rg4 59. Rc7 Rg3 60. Rd7 Kh2 0-1

[Event "CHN-chT Div-B"]
[Site "Hainan"]
[Date "2023.02.06"]
[Round "1"]
[White "Liu, Haoling"]
[Black "Xi, Qi"]
[Result "0-1"]
[WhiteElo "1589"]
[BlackElo "2150"]
[PlyCount "76"]
[EventDate "2023.02.06"]
[EventType "team-tourn"]
[EventRounds "9"]
[EventCountry "CHN"]
[SourceTitle "CBM 213 Extra"]
[Source "ChessBase"]
[SourceDate "2023.05.31"]
[SourceVersion "1"]
[SourceVersionDate "2023.05.31"]
[SourceQuality "1"]
[WhiteTeam "Ningbo Huangli School"]
[BlackTeam "Hangzhou Intelligent Sports"]
[WhiteTeamCountry "CHN"]
[BlackTeamCountry "CHN"]

1. d4 d5 2. c4 e6 3. Nc3 Nf6 4. Bg5 dxc4 5. e3 c5 6. Bxc4 cxd4 7. exd4 Be7 8. Nf3 0-0 9. 0-0 Nc6 10. Re1 b6 11. a3 Bb7 12. Qd3 h6 13. Bh4 Nh5 14. Bxe7 Nxe7 15. Rad1 Rc8 16. Ba2 Nf4 17. Qe3 Nxg2 18. Kxg2 Nf5 19. Qf4 Nh4+ 20. Kf1 Bxf3 21. Rd3 Bb7 22. Rg3 Nf5 23. Rg4 h5 24. Rg5 Qxd4 25. Qxd4 Nxd4 26. Rxh5 Rfd8 27. Re3 g6 28. Rhh3 Nf5 29. Re1 Rd2 30. Bb1 Rxb2 31. Ne4 Rxb1 32. Nf6+ Kg7 33. Nh5+ gxh5 34. Rxb1 h4 35. a4 Kf6 36. a5 Rg8 37. Rhb3 Bd5 38. Rb4 bxa5 0-1

[Event "CHN-chB"]
[Site "Qiziwan"]
[Date "2023.02.03"]
[Round "9"]
[White "Xi, Qi"]
[Black "Wang, Xiaozhi"]
[Result "1-0"]
[WhiteElo "2150"]
[BlackElo "1793"]
[PlyCount "97"]
[EventDate "2023.01.30"]
[EventType "swiss"]
[EventRounds "11"]
[EventCountry "CHN"]
[SourceTitle "CBM 212 Extra"]
[Source "ChessBase"]
[SourceDate "2023.03.31"]
[SourceVersion "1"]
[SourceVersionDate "2023.03.31"]
[SourceQuality "1"]

1. d4 Nf6 2. c4 e5 3. dxe5 Ng4 4. e4 Nxe5 5. f4 Nec6 6. Nf3 d6 7. Nc3 g6 8. Bd3 Bg4 9. h3 Bxf3 10. Qxf3 Bg7 11. 0-0 Nd4 12. Qf2 0-0 13. f5 Nd7 14. Nd5 Nc6 15. f6 Bh8 16. Bg5 Re8 17. b4 Nce5 18. Be2 c6 19. Ne7+ Rxe7 20. fxe7 Qe8 21. Rad1 f6 22. Bf4 Qxe7 23. Qd4 a5 24. b5 Nc5 25. bxc6 bxc6 26. Qxd6 Qxd6 27. Rxd6 Nxe4 28. Bxe5 fxe5 29. Rxc6 Ng3 30. Re1 e4 31. Bg4 Bd4+ 32. Kh2 Bf2 33. Rb1 e3 34. Re6 Rd8 35. Bf3 Rd2 36. Re7 Rb2 37. Rd1 Rd2 38. Rb1 Rb2 39. Rd1 Rd2 40. h4 Nf5 41. Rxd2 exd2 42. Rd7 Ne3 43. Kh3 Bg1 44. Rxd2 Kg7 45. c5 Nf5 46. c6 Ne7 47. c7 Kf6 48. Bb7 Bb6 49. Rd6+ 1-0

[Event "CHN-chB"]
[Site "Qiziwan"]
[Date "2023.02.02"]
[Round "8"]
[White "Zhou, Yichen"]
[Black "Xi, Qi"]
[Result "1/2-1/2"]
[WhiteElo "1670"]
[BlackElo "2150"]
[PlyCount "79"]
[EventDate "2023.01.30"]
[EventType "swiss"]
[EventRounds "11"]
[EventCountry "CHN"]
[SourceTitle "CBM 212 Extra"]
[Source "ChessBase"]
[SourceDate "2023.03.31"]
[SourceVersion "1"]
[SourceVersionDate "2023.03.31"]
[SourceQuality "1"]

1. d4 d5 2. c4 e6 3. Nc3 Nf6 4. Nf3 c6 5. e3 Nbd7 6. Bd3 dxc4 7. Bxc4 b5 8. Be2 Bb7 9. 0-0 a6 10. e4 c5 11. e5 Nd5 12. Bg5 Qb6 13. Nxd5 Bxd5 14. Be3 cxd4 15. Bxd4 Bc5 16. a4 0-0 17. b4 Bxd4 18. Qxd4 Qxd4 19. Nxd4 Nxe5 20. axb5 axb5 21. Bxb5 Rab8 22. Rab1 Rb6 23. Be2 Rfb8 24. b5 h6 25. Rfc1 R8b7 26. f4 Nd7 27. Rc8+ Kh7 28. Rbc1 g6 29. Nc6 Kg7 30. Ne5 Kf6 31. Ng4+ Kg7 32. R8c7 Nf6 33. Ne5 Ne8 34. Rd7 Rxd7 35. Nxd7 Rb7 36. Nc5 Rb8 37. Nd7 Rb7 38. Nc5 Rb8 39. Nd7 Rb7 40. Nc5 1/2-1/2

[Event "CHN-chB"]
[Site "Qiziwan"]
[Date "2023.02.01"]
[Round "5"]
[White "Xi, Qi"]
[Black "Wang, Shixu B"]
[Result "1/2-1/2"]
[WhiteElo "2150"]
[BlackElo "2484"]
[PlyCount "97"]
[EventDate "2023.01.30"]
[EventType "swiss"]
[EventRounds "11"]
[EventCountry "CHN"]
[SourceTitle "CBM 212 Extra"]
[Source "ChessBase"]
[SourceDate "2023.03.31"]
[SourceVersion "1"]
[SourceVersionDate "2023.03.31"]
[SourceQuality "1"]

1. d4 Nf6 2. c4 e6 3. Nf3 b6 4. g3 Bb7 5. Bg2 Be7 6. 0-0 0-0 7. Re1 a5 8. Nc3 Ne4 9. Qc2 Nxc3 10. bxc3 d6 11. e4 Nd7 12. Rb1 Ba6 13. Bf1 e5 14. Be3 Bf6 15. Qa4 Bb7 16. Nd2 Qe7 17. Bh3 Nb8 18. Bg2 Bg5 19. f4 Bh6 20. Qc2 Nd7 21. Kh1 Rae8 22. f5 Bxe3 23. Rxe3 Qf6 24. Nf3 g6 25. d5 h5 26. Nd2 Rc8 27. Rf3 g5 28. Rf2 g4 29. h4 gxh3 30. Bxh3 Kg7 31. Rg1 Rh8 32. Qd3 Kf8 33. Rh2 Ke7 34. Qe3 Rcg8 35. Bf1 Qg7 36. Be2 Nf6 37. Rgg2 Qf8 38. Rh4 Qe8 39. Bd1 Rg7 40. Kg1 Rhg8 41. Bxh5 Qa4 42. Be2 Qxa2 43. g4 Rg5 44. Kh2 a4 45. Kh3 Qc2 46. Nf3 Qxe4 47. Qxe4 Nxe4 48. Nxg5 Nxg5+ 49. Kg3 1/2-1/2

[Event "CHN-chB"]
[Site "Qiziwan"]
[Date "2023.01.31"]
[Round "4"]
[White "Chen, Lvheng"]
[Black "Xi, Qi"]
[Result "1/2-1/2"]
[WhiteElo "1879"]
[BlackElo "2150"]
[PlyCount "113"]
[EventDate "2023.01.30"]
[EventType "swiss"]
[EventRounds "11"]
[EventCountry "CHN"]
[SourceTitle "CBM 212 Extra"]
[Source "ChessBase"]
[SourceDate "2023.03.31"]
[SourceVersion "1"]
[SourceVersionDate "2023.03.31"]
[SourceQuality "1"]

1. d4 d5 2. c4 e6 3. Nc3 Nf6 4. Nf3 c6 5. e3 Nbd7 6. Qc2 Bd6 7. b3 0-0 8. Be2 b6 9. Bb2 Bb7 10. 0-0 Re8 11. Rfd1 Qe7 12. e4 dxe4 13. Nxe4 Nxe4 14. Qxe4 Nf6 15. Qc2 c5 16. Ne5 Red8 17. h3 h6 18. dxc5 Bxc5 19. Bf3 Bxf3 20. Nxf3 Qb7 21. Rxd8+ Rxd8 22. Rd1 Qa8 23. Be5 Rxd1+ 24. Qxd1 Ne4 25. Bd4 Qd8 26. Qa1 Ng5 27. Bxc5 Nxf3+ 28. gxf3 Qg5+ 29. Kf1 Qxc5 30. Qc3 a5 31. Qd3 g6 32. Qe3 Qc6 33. Kg2 h5 34. Qd4 Qc7 35. a3 Kf8 36. b4 axb4 37. axb4 Ke7 38. c5 bxc5 39. bxc5 Qc6 40. Qe5 f6 41. Qe3 g5 42. Qd3 f5 43. Qc3 g4 44. hxg4 hxg4 45. Qg7+ Ke8 46. Qh8+ Kd7 47. Qg7+ Kc8 48. Qh8+ Kb7 49. Qb2+ Ka6 50. Qa3+ Kb7 51. Qb2+ Ka6 52. Qa3+ Kb5 53. Qb3+ Kxc5 54. Qc3+ Kd6 55. Qxc6+ Kxc6 56. fxg4 fxg4 57. Kg3 1/2-1/2

[Event "Asia-Oceania Uni"]
[Site "Tornelo INT"]
[Date "2022.12.23"]
[Round "8"]
[White "Xi, Qi"]
[Black "Hakemi, Arman"]
[Result "1-0"]
[WhiteElo "2150"]
[BlackElo "2403"]
[PlyCount "167"]
[EventDate "2022.12.21"]
[EventType "swiss (rapid)"]
[EventRounds "9"]
[EventCountry "NET"]
[SourceTitle "CBM 211 Extra"]
[Source "ChessBase"]
[SourceDate "2023.01.31"]
[SourceVersion "1"]
[SourceVersionDate "2023.01.31"]
[SourceQuality "1"]

1. d4 Nf6 2. c4 e6 3. Nf3 d5 4. Nc3 Bb4 5. Bg5 h6 6. Bxf6 Qxf6 7. Qb3 c5 8. dxc5 Bxc3+ 9. Qxc3 Qxc3+ 10. bxc3 Na6 11. cxd5 exd5 12. Rd1 Be6 13. c6 bxc6 14. e3 Nc5 15. Nd4 Rc8 16. Be2 0-0 17. 0-0 Ne4 18. Rc1 c5 19. Nxe6 fxe6 20. f3 Nf6 21. Rfd1 Rfd8 22. Rc2 Kf7 23. Rcd2 Ke7 24. c4 g5 25. Kf2 Rc6 26. Ke1 Rb6 27. Kf2 Rbd6 28. cxd5 Rxd5 29. Ke1 e5 30. Rxd5 Nxd5 31. Rd3 c4 32. Ra3 c3 33. Rxa7+ Kf8 34. Ra5 c2 35. Rc5 Nxe3 36. Kf2 Rd1 37. Rxc2 Nxc2 38. Bxd1 Nb4 39. a3 Nc6 40. Ke3 Ke7 41. Ke4 Ke6 42. Bb3+ Kd6 43. Bc4 Nd4 44. Bd3 Ne6 45. Kf5 Nf4 46. Bf1 Nd5 47. Ke4 Nc3+ 48. Kd3 Nd5 49. g3 Nf6 50. Be2 Kc5 51. Ke3 Nd5+ 52. Ke4 Nc3+ 53. Kd3 Nb5 54. a4 Nd6 55. Kc3 h5 56. a5 h4 57. gxh4 gxh4 58. a6 Kb6 59. Kd2 Nf5 60. Bd3 Nd4 61. Ke3 Ne6 62. Bc4 Ng5 63. Bf1 Ka7 64. Be2 Kb6 65. Bc4 Ka7 66. f4 exf4+ 67. Kxf4 Nh7 68. Kg4 Nf8 69. Kxh4 Ng6+ 70. Kg5 Ne5 71. Be2 Nc6 72. Kg4 Nd4 73. Bf1 Nc2 74. Bd3 Nb4 75. Be2 Nd5 76. h4 Kb6 77. Kg5 Nc3 78. Bd3 Na4 79. h5 Nc5 80. Bc4 Ne4+ 81. Kg6 Nd6 82. h6 Nxc4 83. h7 Ne5+ 84. Kg7 1-0

[Event "Asia-Oceania Uni"]
[Site "Tornelo INT"]
[Date "2022.12.22"]
[Round "6"]
[White "Hafiz, Arif Abdul"]
[Black "Xi, Qi"]
[Result "1-0"]
[WhiteElo "2251"]
[BlackElo "2150"]
[PlyCount "85"]
[EventDate "2022.12.21"]
[EventType "swiss (rapid)"]
[EventRounds "9"]
[EventCountry "NET"]
[SourceTitle "CBM 211 Extra"]
[Source "ChessBase"]
[SourceDate "2023.01.31"]
[SourceVersion "1"]
[SourceVersionDate "2023.01.31"]
[SourceQuality "1"]

1. e4 e6 2. d4 d5 3. Nc3 Nf6 4. Bg5 dxe4 5. Nxe4 Nbd7 6. Nf3 h6 7. Bxf6 Nxf6 8. Bd3 c5 9. 0-0 Nxe4 10. Bxe4 cxd4 11. Nxd4 Be7 12. c3 0-0 13. Qf3 Qb6 14. b3 Rb8 15. Rad1 Rd8 16. Ne2 Bd7 17. Nf4 Be8 18. Rxd8 Bxd8 19. Nh5 Qc7 20. Rd1 b5 21. Bd3 Kf8 22. Nf4 Bf6 23. c4 b4 24. g3 Rd8 25. Re1 Kg8 26. h4 Rd4 27. Nd5 Qd8 28. Nxf6+ Qxf6 29. Qxf6 gxf6 30. Rd1 f5 31. f4 Kf8 32. Kf2 Ke7 33. Ke3 Rd6 34. c5 Rd5 35. Rc1 Bc6 36. a3 bxa3 37. b4 Rd8 38. b5 Bd5 39. Rc3 a2 40. Ra3 Rd7 41. c6 Rc7 42. Kd4 Kd6 43. Bc4 1-0